000 00296nam a22001337a 4500
008 170829b xxu||||| |||| 00| 0 eng d
020 _a9780070095137
041 _aeng
080 _23 ED
_a070
100 _a39
101 _aMED
245 _aSPEAK FOR YOUSELF
_cBYRNS.J.H
942 _2udc
_cBK
999 _c25395
_d25395